01376 a2200181 45000010006000000050017000060080041000230030015000640400040000790800145001192450031002640200018002952640037003133000019003505050678003691000028010478560119010751709920260407155459.0260407a2000 arg spa dAR-UNSa-BCEJYS aAR-UNSa-BCEJYSbspacAR-UNSa-BCEJYS a658.012.4xGestión. Dirección. Autoridad. Técnicas y métodos de gestión (gestión del conocimiento, Outsourcing, Benchmarking...)10aGestión del conocimiento a84-234-1724-7 1aBilbao :bEdiciones Deustoc2000 a245 p.c23 cm. a1. Llega una nueva organización a la empresa / Peter F. Drucker - 2. La empresa creadora de conocimiento / Ikujiro Nonaka - 3. Crear una organización que aprende / David A. Garvin - 4. Un enfoque clave para el aprendizaje de los directivos / Chris Argyris - 5. Poner a trabajar a todo el cerebro de la empresa / Dorothy Leonard y Susaan Straus - 6. Cómo hacer de la experiencia el mejor profesor de la empresa / Art Kleiner y George Roth - 7. Cómo lograr que la innovación prospere y se asiente en la empresa / John Seely Brown - 8. La gestión del intelecto profesional: sacar el máximo de los mejores / James Brian Quinn, Philip Anderson y Sydney Finkelstein1 aHarvard Business Review41uhttps://biblioeco.unsa.edu.ar/pmb/images/libros/Gestion del conocimiento-l86625.jpgyImagen de portadaqimage/jpeg